Juegos para pensar
I tiakina i:
| Kaituhi matua: | |
|---|---|
| Hōputu: | Pukapuka |
| Reo: | Pāniora |
| I whakaputaina: |
Barcelona
Obelisco
2004
|
| Putanga: | 2a. ed |
| Rangatū: | Colección Nueva Consciencia
|
| Ngā marau: | |
| Ngā Tūtohu: |
Tāpirihia he Tūtohu
Kāore He Tūtohu, Me noho koe te mea tuatahi ki te tūtohu i tēnei pūkete!
|
MARC
| LEADER | 00000nam a2200000 a 4500 | ||
|---|---|---|---|
| 001 | UCL9468 | ||
| 003 | CL-VaPUC | ||
| 008 | 040806e20040200SP |||||||||||||||||spa|d | ||
| 020 | |a 8477209731 | ||
| 082 | 0 | 4 | |a 370.152 |b FIS |2 21 |
| 100 | 0 | |a Fisher, Robert |e author |9 487292 | |
| 245 | 1 | 0 | |a Juegos para pensar |
| 250 | |a 2a. ed | ||
| 300 | |a 253 p | ||
| 942 | |c BK | ||
| 945 | |d 20040806 00:00:00 |a cmena | ||
| 260 | |a Barcelona |b Obelisco |c 2004 | ||
| 650 | 0 | |a Desarrollo mental |9 313003 | |
| 650 | 0 | |a Cognición |9 270347 | |
| 650 | 0 | |a Juegos educativos |9 307366 | |
| 650 | 0 | |a Juegos infantiles |9 307365 | |
| 650 | 0 | |a Psicología educacional |9 307830 | |
| 650 | 7 | |a ROL DE LOS PADRES |2 CL-VaPUC |9 338980 | |
| 583 | |a last modification |c 20040806 00:00:00 |k Rodrigo Vera | ||
| 490 | 0 | |a Colección Nueva Consciencia | |
| 999 | |c 310236 |d 310234 | ||
| 952 | |0 0 |1 0 |4 0 |6 370_152000000000000_FIS_2004 |7 0 |8 ? |9 378513 |a BIBEDU |b BIBEDU |d 2019-11-21 |i 4047222 |l 2 |m 1 |o 370.152 FIS 2004 |p 4047222 |r 2024-05-06 |s 2024-05-06 |w 2019-11-21 |y BK |k MUS | ||